Arte rupestre: rock art, Patagonia
Gespeichert in:
| Hauptverfasser: | , , |
|---|---|
| Format: | Buch |
| Sprache: | Spanisch |
| Veröffentlicht: |
Punta Arenas
Salviat Impresores
2009
|
| Ausgabe: | 1a. ed |
| Schlagworte: | |
| Tags: |
Tag hinzufügen
Keine Tags, Fügen Sie den ersten Tag hinzu!
|
MARC
| LEADER | 00000nam a2200000 a 4500 | ||
|---|---|---|---|
| 001 | UCH3679 | ||
| 003 | CL-VaPUC | ||
| 008 | 090813e20090000CL |||||||||||||||||spa|d | ||
| 082 | 0 | 4 | |a 709.0113 |b GON |2 21 |
| 100 | |a González Mimica, Vicente |e author |9 546746 | ||
| 700 | 0 | |a Vezzani González, Paola |e author |9 539179 | |
| 700 | 0 | |a Vega Cacabelos, Carlos |e author |9 539180 | |
| 245 | 1 | 0 | |a Arte rupestre: rock art, Patagonia |
| 250 | |a 1a. ed | ||
| 300 | |a 120 p | ||
| 942 | |c BK | ||
| 945 | |d 20090813 00:00:00 |a rbrito | ||
| 260 | |a Punta Arenas |b Salviat Impresores |c 2009 | ||
| 650 | 0 | |a Arte rupestre |9 349639 | |
| 650 | 0 | |a Arte primitivo |9 267985 | |
| 650 | 0 | |a Arte prehistórico |9 329439 | |
| 650 | 7 | |a HISTORIA DE LA PATAGONIA |2 CL-VaPUC |9 539181 | |
| 650 | 0 | |a Arqueología |9 265619 | |
| 583 | |a last modification |c 20090813 00:00:00 |k Rodrigo Vera | ||
| 999 | |c 335156 |d 335154 | ||
| 952 | |0 0 |1 0 |2 ddc |4 0 |6 709_011300000000000_GON_2009 |7 0 |8 R |9 424798 |a BIBART |b BIBART |d 2019-11-22 |i 4586603 |o 709.0113 GON 2009 |p 4586603 |r 2025-03-13 |w 2019-11-22 |y BK_R |k ART | ||
| 952 | |0 0 |1 0 |2 ddc |4 0 |6 709_011300000000000_GON_2009 |7 0 |8 R |9 424799 |a BIBART |b BIBART |d 2019-11-22 |i 4586611 |o 709.0113 GON 2009 |p 4586611 |r 2025-03-13 |w 2019-11-22 |y BK_R |k ART | ||
| 952 | |0 0 |1 0 |4 0 |6 709_011300000000000_GON_2009 |7 0 |8 A |9 424800 |a BIBARQ |b BIBARQ |d 2019-11-22 |i 4602250 |o 709.0113 GON 2009 |p 4602250 |r 2025-01-20 |w 2019-11-22 |y BK |k ARQ | ||
| 952 | |0 0 |1 0 |4 0 |6 709_011300000000000_GON_2009 |7 0 |8 A |9 424801 |a BIBARQ |b BIBARQ |d 2019-11-22 |i 4602242 |o 709.0113 GON 2009 |p 4602242 |r 2025-01-20 |w 2019-11-22 |y BK |k ARQ | ||
| 952 | |0 0 |1 0 |2 ddc |4 0 |6 709_011300000000000_GON_2009 |7 0 |8 R |9 424802 |a BIBART |b BIBART |d 2019-11-22 |i 4607198 |o 709.0113 GON 2009 |p 4607198 |r 2025-03-13 |w 2019-11-22 |y BK_R |k ART | ||
| 952 | |0 0 |1 0 |2 ddc |4 0 |6 709_011300000000000_GON_2009 |7 0 |8 R |9 424803 |a BIBART |b BIBART |d 2019-11-22 |i 4607201 |o 709.0113 GON 2009 |p 4607201 |r 2025-03-13 |w 2019-11-22 |y BK_R |k ART | ||
| 952 | |0 0 |1 0 |4 0 |6 709_011300000000000_GON_2009 |7 0 |8 A |9 424804 |a BIBARQ |b BIBARQ |d 2019-11-22 |i 460721K |o 709.0113 GON 2009 |p 460721K |r 2025-01-20 |w 2019-11-22 |y BK |k ARQ | ||
| 952 | |0 0 |1 0 |4 0 |6 709_011300000000000_GON_2009 |7 0 |8 A |9 424805 |a BIBARQ |b BIBARQ |d 2019-11-22 |i 4607228 |o 709.0113 GON 2009 |p 4607228 |r 2025-01-20 |w 2019-11-22 |y BK |k ARQ | ||
| 952 | |0 0 |1 0 |4 0 |6 709_011300000000000_GON_2009 |7 0 |8 A |9 424806 |a BIBARQ |b BIBARQ |d 2019-11-22 |i 4607236 |o 709.0113 GON 2009 |p 4607236 |r 2025-01-20 |w 2019-11-22 |y BK |k ARQ | ||
| 952 | |0 0 |1 0 |4 0 |6 709_011300000000000_GON_2009 |7 0 |8 A |9 424807 |a BIBING |b BIBING |d 2019-11-22 |i 4607244 |o 709.0113 GON 2009 |p 4607244 |r 2025-01-20 |w 2019-11-22 |y BK |k GEO | ||
| 952 | |0 0 |1 0 |4 0 |6 709_011300000000000_GON_2009 |7 0 |8 A |9 424808 |a BIBING |b BIBING |d 2019-11-22 |i 4607252 |o 709.0113 GON 2009 |p 4607252 |r 2025-01-20 |w 2019-11-22 |y BK |k GEO | ||
| 952 | |0 0 |1 0 |4 0 |6 709_011300000000000_GON_2009 |7 0 |8 A |9 424809 |a BIBING |b BIBING |d 2019-11-22 |i 4607260 |o 709.0113 GON 2009 |p 4607260 |r 2025-01-20 |w 2019-11-22 |y BK |k GEO | ||
| 952 | |0 0 |1 0 |4 0 |6 709_011300000000000_GON_2009 |7 0 |8 A |9 424810 |a BIBHIS |b BIBHIS |d 2019-11-22 |i 4607279 |o 709.0113 GON 2009 |p 4607279 |r 2025-01-20 |w 2019-11-22 |y BK |k HIS | ||
| 952 | |0 0 |1 0 |4 0 |6 709_011300000000000_GON_2009 |7 0 |8 A |9 424811 |a BIBHIS |b BIBHIS |d 2019-11-22 |i 4607287 |o 709.0113 GON 2009 |p 4607287 |r 2025-01-20 |w 2019-11-22 |y BK |k HIS | ||
| 952 | |0 0 |1 0 |4 0 |6 709_011300000000000_GON_2009 |7 0 |8 A |9 424812 |a BIBHIS |b BIBHIS |d 2019-11-22 |i 4607295 |o 709.0113 GON 2009 |p 4607295 |r 2025-01-20 |w 2019-11-22 |y BK |k HIS | ||
| 952 | |0 0 |1 0 |4 0 |6 709_011300000000000_GON_2009 |7 0 |8 A |9 424813 |a BIBEDU |b BIBEDU |d 2019-11-22 |i 4607309 |o 709.0113 GON 2009 |p 4607309 |r 2019-11-22 |w 2019-11-22 |y BK |k BME | ||
| 952 | |0 0 |1 0 |4 0 |6 709_011300000000000_GON_2009 |7 0 |8 A |9 424814 |a BIBEDU |b BIBEDU |d 2019-11-22 |i 4607317 |o 709.0113 GON 2009 |p 4607317 |r 2019-11-22 |w 2019-11-22 |y BK |k BME | ||
| 952 | |0 0 |1 0 |4 0 |6 709_011300000000000_GON_2009 |7 0 |8 A |9 424815 |a BIBEDU |b BIBEDU |d 2019-11-22 |i 4607325 |o 709.0113 GON 2009 |p 4607325 |r 2019-11-22 |w 2019-11-22 |y BK |k BME | ||